000 01161nam a2200385 a 4500
003 AR-BaBNM
005 20251128204714.0
008 082120s2002 ||||||||||||||000 | spa||
020 _a950-10-0158-X
040 _cAR-BaBNM
100 1 _aPayró, Roberto J.
245 0 0 _aEl casamiento de Laucha
260 _aBuenos Aires
_bAbril
_c1986
300 _a173 p.
490 0 _aClásicos Huemul
_vv. 117
500 _aLa presente adaptación teatral de la novela de Roberto J. Payro fue realizada por Tulio F. Stilman y Osvaldo Pellettieri
500 _aContiene referencias bibliográficas en p. 35
500 _aVocabulario en p. 165
650 4 _aREALISMO
650 4 _aLITERATURA ARGENTINA
650 4 _aTEATRO
650 4 _aCOSTUMBRES Y TRADICIONES
650 4 _aESCRITORES
650 4 _aTEATRO POPULAR
653 _aLITERATURA GAUCHESCA
653 _aNOVELA PICARESCA
653 _aNATURALISMO
655 _aLITERATURA
700 1 _aPellettieri, Osvaldo
_eprologuista
700 1 _aStilman, Tulio F.
_earreglo
800 1 _aPellegrini, Juan Carlos
_edirector
800 1 _aRiba, Elsa
_edirector
942 _cBK
998 _cMARTIN
999 _c8502
_d8502